Miller and Freund's Probability and statistics for engineers / (Record no. 2592)
[ view plain ]
| 000 -LEADER | |
|---|---|
| fixed length control field | 00841nam a22002532 4500 |
| 001 - CONTROL NUMBER | |
| control field | 0000004297 |
| 005 - DATE AND TIME OF LATEST TRANSACTION | |
| control field | 20151217145802.0 |
| 008 - FIXED-LENGTH DATA ELEMENTS--GENERAL INFORMATION | |
| fixed length control field | 070522s xx 000 0 eng d |
| 040 ## - CATALOGING SOURCE | |
| Original cataloging agency | KABU |
| Transcribing agency | KABU |
| 050 #0 - LIBRARY OF CONGRESS CALL NUMBER | |
| Classification number | QA276.12 |
| Item number | .J64 2001 |
| 100 1# - MAIN ENTRY--PERSONAL NAME | |
| Personal name | Johnson, Richard Arnold. |
| -- | 0000154781 |
| 245 10 - TITLE STATEMENT | |
| Title | Miller and Freund's Probability and statistics for engineers / |
| Statement of responsibility, etc. | Richard A. Johnson. |
| 246 3# - VARYING FORM OF TITLE | |
| Title proper/short title | Probability and statistics for engineers |
| 250 ## - EDITION STATEMENT | |
| Edition statement | 5th ed. |
| 260 ## - PUBLICATION, DISTRIBUTION, ETC. (IMPRINT) | |
| Place of publication, distribution, etc. | New Delhi : |
| Name of publisher, distributor, etc. | Prentice Hall of India, |
| Date of publication, distribution, etc. | c2001. |
| 300 ## - PHYSICAL DESCRIPTION | |
| Extent | x, 630 p. |
| 650 #0 - SUBJECT ADDED ENTRY--TOPICAL TERM | |
| Topical term or geographic name as entry element | Engineering |
| General subdivision | Statistical methods. |
| -- | 0000154782 |
| 650 #0 - SUBJECT ADDED ENTRY--TOPICAL TERM | |
| Topical term or geographic name as entry element | Probabilities. |
| -- | 0000154769 |
| 700 1# - ADDED ENTRY--PERSONAL NAME | |
| Personal name | Freund, John E. |
| -- | 0000154783 |
| 700 1# - ADDED ENTRY--PERSONAL NAME | |
| Personal name | Miller, Irwin. |
| -- | 0000154784 |
| 908 ## - PUT COMMAND PARAMETER (RLIN) | |
| Put command parameter | 070522 |
| 950 ## - LOCAL HOLDINGS (RLIN) | |
| -- | 1 |
| Withdrawn status | Lost status | Source of classification or shelving scheme | Not for loan | Home library | Current library | Date acquired | Total Checkouts | Full call number | Barcode | Date last seen | Price effective from | Koha item type |
|---|---|---|---|---|---|---|---|---|---|---|---|---|
| Library of Congress Classification | Kabarak, Main Campus | Kabarak, Main Campus | 17/12/2015 | QA276.12 .J64 2001 | 008518 | 22/09/2017 | 17/12/2015 | General Collection |